000 01154cab a2200193 4500
001 ABS38587
008 090401t1987 xxu||||| |||| 00| 0 eng d
035 _a(Sirsi) u11379
041 _aeng
100 _aKenny, P.H.
245 _aFreehold flats: the Law Commission`s way forward
260 _c1987
350 _a0
490 _aLaw Society`s Gazette
_v84(46) 16 December 1987, 3642-3647(3)
520 _aLooks at the recommendations of the Law Commission `s report, Commonhold - Freehold flats and freehold ownership of other interdependent buildings. It discusses the commmonhold scheme ie the legal framework that permits the development of freehold condominiums; compulsory freeholds; the concept that promoters can establish schemes within a legislative framework and can manage the formalities of registration at the District Land Registry; how disputes between promoters and unit-holders and between unit-holders themselves will be resolved; rejection of the idea of commonhold commission and mortgages.
690 _aPROPERTY-RESIDENTIAL PROPERTY-RESIDENTIAL LANDLORD AND TENANT-RESIDENTIAL TENANCIES
942 _n0
948 _c04/03/1997
999 _c7249
_d7249